<?xml version="1.0" encoding="UTF-8"?>
<record
    xmlns:xsi="http://www.w3.org/2001/XMLSchema-instance"
    xsi:schemaLocation="http://www.loc.gov/MARC21/slim http://www.loc.gov/standards/marcxml/schema/MARC21slim.xsd"
    xmlns="http://www.loc.gov/MARC21/slim">

  <leader>00960nam0a2200241   4500</leader>
  <controlfield tag="001">RU\NLR\BIBL_A\012103824</controlfield>
  <controlfield tag="005">20250627113858.0</controlfield>
  <datafield tag="035" ind1=" " ind2=" ">
    <subfield code="a">(NLR Aleph) 012103824</subfield>
  </datafield>
  <datafield tag="090" ind1=" " ind2=" ">
    <subfield code="a">13297187</subfield>
    <subfield code="c">13297187</subfield>
  </datafield>
  <datafield tag="100" ind1=" " ind2=" ">
    <subfield code="a">20190930d1961    |||y0rusy50      ca</subfield>
  </datafield>
  <datafield tag="101" ind1="1" ind2=" ">
    <subfield code="a">ady</subfield>
    <subfield code="c">rus</subfield>
  </datafield>
  <datafield tag="102" ind1=" " ind2=" ">
    <subfield code="a">RU</subfield>
  </datafield>
  <datafield tag="105" ind1=" " ind2=" ">
    <subfield code="a">a   z   000 y</subfield>
  </datafield>
  <datafield tag="200" ind1="1" ind2=" ">
    <subfield code="a">&#x41B;&#x435;&#x43D;&#x438;&#x43C;&#x43D;&#x44B;&#x43C; &#x438;&#x433;&#x443;&#x449;&#x44B;I</subfield>
    <subfield code="e">&#x440;&#x430;&#x441;&#x441;&#x43A;&#x430;&#x437;&#x445;&#x44D;&#x440;</subfield>
    <subfield code="f">&#x421;. &#x41C;&#x438;&#x440;&#x435;&#x440;</subfield>
    <subfield code="g">&#x437;&#x44D;&#x437;&#x44B;&#x434;&#x437;&#x44D;&#x43A;I&#x44B;&#x433;&#x44A;&#x44D;&#x440; &#x421;. &#x422;&#x435;&#x443;&#x446;&#x43E;&#x436;&#x44C;</subfield>
  </datafield>
  <datafield tag="210" ind1=" " ind2=" ">
    <subfield code="a">&#x41C;&#x44B;&#x435;&#x43A;&#x44A;&#x443;&#x430;&#x43F;&#x44D;</subfield>
    <subfield code="c">&#x410;&#x434;&#x44B;&#x433;&#x44D; &#x442;&#x445;&#x44B;&#x43B;&#x44A; &#x442;&#x435;&#x434;&#x437;&#x430;&#x43F;I</subfield>
    <subfield code="d">1961</subfield>
  </datafield>
  <datafield tag="215" ind1=" " ind2=" ">
    <subfield code="a">158 &#x441;.</subfield>
    <subfield code="c">&#x438;&#x43B;.</subfield>
    <subfield code="d">22</subfield>
  </datafield>
  <datafield tag="541" ind1="1" ind2=" ">
    <subfield code="6">z01790</subfield>
    <subfield code="a">&#x41B;&#x435;&#x43D;&#x438;&#x43D;&#x441;&#x43A;&#x43E;&#x435; &#x441;&#x43B;&#x43E;&#x432;&#x43E;</subfield>
    <subfield code="z">rus</subfield>
  </datafield>
  <datafield tag="700" ind1=" " ind2="1">
    <subfield code="4">070</subfield>
    <subfield code="7">ca</subfield>
    <subfield code="8">rus</subfield>
    <subfield code="a">&#x41C;&#x438;&#x440;&#x435;&#x440;</subfield>
    <subfield code="b">&#x421;. &#x410;.</subfield>
    <subfield code="f">1949-</subfield>
    <subfield code="g">&#x421;&#x435;&#x440;&#x433;&#x435;&#x439; &#x410;&#x43B;&#x435;&#x43A;&#x441;&#x430;&#x43D;&#x434;&#x440;&#x43E;&#x432;&#x438;&#x447;</subfield>
    <subfield code="9">166412</subfield>
    <subfield code="3">RU\NLR\AUTH\770166459</subfield>
  </datafield>
  <datafield tag="790" ind1=" " ind2="1">
    <subfield code="4">070</subfield>
    <subfield code="7">ca</subfield>
    <subfield code="8">rus</subfield>
    <subfield code="a">&#x41C;&#x438;&#x440;&#x435;&#x440;</subfield>
    <subfield code="b">&#x421;. &#x410;.</subfield>
    <subfield code="f">1949-</subfield>
    <subfield code="g">&#x421;&#x435;&#x440;&#x433;&#x435;&#x439; &#x410;&#x43B;&#x435;&#x43A;&#x441;&#x430;&#x43D;&#x434;&#x440;&#x43E;&#x432;&#x438;&#x447;</subfield>
    <subfield code="9">166412</subfield>
    <subfield code="3">RU\NLR\AUTH\770166459</subfield>
  </datafield>
  <datafield tag="852" ind1=" " ind2=" ">
    <subfield code="a">NLR</subfield>
    <subfield code="b">&#x41E;&#x41D;&#x41B;</subfield>
    <subfield code="j">&#x410;&#x434;&#x44B;&#x433;./3-749</subfield>
  </datafield>
  <datafield tag="942" ind1=" " ind2=" ">
    <subfield code="c">BOOK</subfield>
  </datafield>
  <datafield tag="980" ind1=" " ind2=" ">
    <subfield code="a">NB</subfield>
  </datafield>
  <datafield tag="995" ind1=" " ind2=" ">
    <subfield code="5">2019-09-30</subfield>
    <subfield code="b">NLR01</subfield>
    <subfield code="c">NLR01</subfield>
    <subfield code="e">ONL</subfield>
    <subfield code="f">1-2413165</subfield>
    <subfield code="k">&#x41E;&#x41D;&#x41B; &#x410;&#x434;&#x44B;&#x433;./3-749</subfield>
    <subfield code="o">0</subfield>
    <subfield code="r">BOOK</subfield>
    <subfield code="s">_3749</subfield>
  </datafield>
</record>
